Statistiques concernant Trouver les villes avec qu'une phrase #2

Cliquez ici pour prendre le quiz!

Statistiques générales

  • Ce quiz a été pris 147 fois
  • Le résultat moyen est 10 sur 15

Statistiques - réponses

HintRéponse% Correct
Je suis connus pour une célèbre course qui dure 24 heuresLe Mans
97%
Je suis une ville connus nommée ville de l'aéronautiseToulouse
91%
Je suis une ville en banlieue de Lyon, qui est connus pour mon club de basketVilleurbanne
85%
Je suis connus pour mon célèbre viaduc qui traverse les gorges du TarnMillau
83%
Si je vous dit "Territoire de ..........."Belfort
79%
Mes habitant sont souvent appelés les canarisNantes
79%
J'ai un bassin en GirondeArcachon
76%
J'ai un château emblématiqueVersailles
76%
Je suis connus pour logé et entrainé les joueurs de foot français lors de leur sélection nationaleClairefontaine
65%
Je suis la ville la plus peuplées du Haut-Rhin (67)Mulhouse
63%
J'était la ville la plus peuplées du LimousinLimoges
61%
Je suis le chef-lieu de l'YonneAuxerre
60%
J'était le chef-lieu de Champagne-Ardenne avant la réforme en 2016Châlons-en-Champagne
41%
Je suis la ville la plus chaude en moyenne annuelleToulon
31%
Je suis la ville la plus peuplées de la CorrèzeBrive-la-Gaillarde
29%

Distribution des résultats

Percentile par nombre de réponses

% des personnes avec chaque résultat

Votre développement - résultats

Vous n’avez pas pris ce quiz